Statistiques concernant Olivia Rodrigo Sour Album

Cliquez ici pour prendre le quiz!

Statistiques générales

  • Ce quiz a été pris 449 fois
  • Le résultat moyen est 9 sur 11

Statistiques - réponses

Réponse% Correct
good 4 u
87%
traitor
86%
brutal
85%
deja vu
84%
drivers license
82%
happier
81%
favorite crime
77%
jealousy jealousy
75%
1 step forward 3 steps back
71%
enough for you
69%
hope ur ok
68%

Distribution des résultats

Percentile par nombre de réponses

% des personnes avec chaque résultat

Votre développement - résultats

Vous n’avez pas pris ce quiz